00609nam a2200205Ia 4500003000400000005001700004008004100021020001500062040001800077041000800095082002000103100002200123245007100145250001200216260004400228300002700272650003900299650004900338650001600387OSt20241030154241.0210716s2003 xx 000 0 und d a8178089580 cAIMIT LIBRARY aeng a519.5 21bVISP aViswanathan, P K. aBusiness statistics : bapplied orientation /cBy P K Viswanathan. a1st ed. aNew Delhi :bPearson Education ,c2003. axix,323p. ;bPBc25 cm aClassifying data to convey meaning aBasics of sampling and sampling distribution aForecasting